000 00458nam a2200133Ia 4500
008 170419s9999 xx 000 0 und d
100 _aDowling, Jacqueline.
245 _aTransitioning from departments to schools of nursing: a qualitative analysis of journeys by ten deans
245 _cJacqueline S. Dowling & Karen Devereaux Melillo
260 _bElsevier
260 _c2015
300 _aDecember 2015
440 _aJournal of Profesional Nursing
_v31:6
999 _c329491
_d329491